DIAGNOSING MUSCULOSKELETAL CONDITIONS USING ARTIFICAL INTELLIGENCE AND MACHINE.

Bibliographic Details
Corporate Author: ScienceDirect (Online service)
Format: eBook
Language:English
Published: [S.l.] : Academic Press, 2024.
Subjects:
Online Access:Connect to the full text of this electronic book

MARC

Tag First Indicator Second Indicator Subfields
LEADER 00000cam a2200000 4500
001 in00005774101
005 20260327180729.7
006 m o d
007 cr |n|||||||||
008 241201s2024 xx o 000 0 eng d
040 |a YDX  |b eng  |c YDX  |d OPELS  |d OCLCO  |d OCLCQ  |d OCLCL 
019 |a 1518243378 
020 |a 9780443328930  |q (electronic bk.) 
020 |a 0443328935  |q (electronic bk.) 
020 |z 9780443328923 
020 |z 0443328927 
035 |a (OCoLC)1472849801  |z (OCoLC)1518243378 
050 4 |a RC925.7 
082 0 4 |a 616.7/075  |2 23/eng/20241203 
049 |a TXAM 
245 0 0 |a DIAGNOSING MUSCULOSKELETAL CONDITIONS USING ARTIFICAL INTELLIGENCE AND MACHINE. 
260 |a [S.l.] :  |b Academic Press,  |c 2024. 
300 |a 1 online resource 
336 |a text  |b txt  |2 rdacontent 
337 |a computer  |b c  |2 rdamedia 
338 |a online resource  |b cr  |2 rdacarrier 
650 0 |a Musculoskeletal system  |x Diseases  |x Diagnosis  |x Technological innovations. 
650 0 |a Artificial intelligence  |x Medical applications. 
655 7 |a Electronic books.  |2 local 
710 2 |a ScienceDirect (Online service) 
776 0 8 |c Original  |z 0443328927  |z 9780443328923  |w (OCoLC)1446416956 
856 4 0 |u http://proxy.library.tamu.edu/login?url=https://www.sciencedirect.com/science/book/9780443328923  |z Connect to the full text of this electronic book  |t 0 
936 |a BATCHLOAD 
955 |a Elsevier ScienceDirect 2026-2027 
994 |a 92  |b TXA 
999 f f |i 9af2d62e-8f05-4867-b8d8-5647ccb1b400  |s 25efc936-22ab-4bf7-80da-952669d11dd1  |t 0 
952 f f |a Texas A&M University  |b College Station  |c Electronic Resources  |s www_evans  |d Available Online  |t 0  |e RC925.7   |h Library of Congress classification 
998 f f |a RC925.7   |t 0  |l Available Online